000 00956nam a2200121Ia 4500
008 220620s9999||||xx |||||||||||||| ||und||
245 4 _aThe Challenges of Religious Literacy
_bThe Case of Finland
546 _aEnglish[eng]
650 _aSocial Aspects of Religion||Religion and Education||Sociology of Religion||Popular Science in Religious Studies||Migration||Religion||Biotechnology||Religious Literacy||Religious Diversity||Multilevel Governance of Religions||Islam in Europe||Secular Society||Religion and the Media||Nordic Welfare Society||Religious Minorities||Religions in Finland||Open Access||Religious issues & debates||Faith (religious) schools||Religion & beliefs||Sociology & anthropology||Religion: general||Migration, immigration & emigration
700 _aSakaranaho, Tuula||Aarrevaara, Timo||Konttori, Johanna
856 _uhttps://library.oapen.org/bitstream/20.500.12657/41287/1/2020_Book_TheChallengesOfReligiousLitera.pdf
942 _cEB
999 _c23028
_d23028